<?xml version="1.0" encoding="UTF-8"?>
<record
    xmlns:xsi="http://www.w3.org/2001/XMLSchema-instance"
    xsi:schemaLocation="http://www.loc.gov/MARC21/slim http://www.loc.gov/standards/marcxml/schema/MARC21slim.xsd"
    xmlns="http://www.loc.gov/MARC21/slim">

  <leader>     nam a22     7a 4500</leader>
  <datafield tag="999" ind1=" " ind2=" ">
    <subfield code="c">45218</subfield>
    <subfield code="d">45218</subfield>
  </datafield>
  <controlfield tag="003">OSt</controlfield>
  <controlfield tag="005">20190403152835.0</controlfield>
  <controlfield tag="008">190403b        xxu||||| |||| 00| 0 eng d</controlfield>
  <datafield tag="040" ind1=" " ind2=" ">
    <subfield code="c">IIMT UNIVERSITY, MEERUT</subfield>
    <subfield code="d">SEROSOFT</subfield>
  </datafield>
  <datafield tag="100" ind1=" " ind2=" ">
    <subfield code="a">I P C GHAZIABAD</subfield>
  </datafield>
  <datafield tag="245" ind1=" " ind2=" ">
    <subfield code="a">INDIAN PHARMACOPOEIA</subfield>
    <subfield code="c">I P C GHAZIABAD</subfield>
    <subfield code="h">ENGLISH</subfield>
  </datafield>
  <datafield tag="250" ind1=" " ind2=" ">
    <subfield code="a">2018</subfield>
  </datafield>
  <datafield tag="260" ind1=" " ind2=" ">
    <subfield code="a">I P C GHAZIABAD</subfield>
    <subfield code="b">I P C GHAZIABAD</subfield>
    <subfield code="c">2018</subfield>
  </datafield>
  <datafield tag="300" ind1=" " ind2=" ">
    <subfield code="a">HARD BOUND</subfield>
    <subfield code="b">4143 P P</subfield>
    <subfield code="c">I- 201</subfield>
    <subfield code="e">DVD</subfield>
  </datafield>
  <datafield tag="760" ind1=" " ind2=" ">
    <subfield code="b">2018</subfield>
  </datafield>
  <datafield tag="856" ind1=" " ind2=" ">
    <subfield code="3">HARD BOUND</subfield>
    <subfield code="u">I P C GHAZIABAD</subfield>
    <subfield code="z">I P C GHAZIABAD</subfield>
  </datafield>
  <datafield tag="887" ind1=" " ind2=" ">
    <subfield code="2">TITLE</subfield>
  </datafield>
  <datafield tag="942" ind1=" " ind2=" ">
    <subfield code="2">ddc</subfield>
    <subfield code="c">06</subfield>
    <subfield code="e">2018</subfield>
    <subfield code="h">TITLE</subfield>
    <subfield code="i">4 VOLUME SET</subfield>
    <subfield code="k">615.785 IPC</subfield>
    <subfield code="m">615.785 IPC</subfield>
  </datafield>
  <datafield tag="952" ind1=" " ind2=" ">
    <subfield code="0">0</subfield>
    <subfield code="1">0</subfield>
    <subfield code="2">ddc</subfield>
    <subfield code="4">0</subfield>
    <subfield code="7">0</subfield>
    <subfield code="a">27</subfield>
    <subfield code="b">27</subfield>
    <subfield code="d">2019-04-03</subfield>
    <subfield code="e">I P C GHAZIABAD</subfield>
    <subfield code="f"> INDIAN PH</subfield>
    <subfield code="g">49785.00</subfield>
    <subfield code="i">EBA/5607/ 2018-2019</subfield>
    <subfield code="o">615.785 IPC</subfield>
    <subfield code="p">27-B-835</subfield>
    <subfield code="r">2019-04-03</subfield>
    <subfield code="t">R</subfield>
    <subfield code="u"> INDIAN PHARMACOPOEIA</subfield>
    <subfield code="v">49875.00</subfield>
    <subfield code="w">2019-03-09</subfield>
    <subfield code="y">02</subfield>
    <subfield code="z"> INDIAN PHARMACOPOEIA</subfield>
  </datafield>
  <datafield tag="952" ind1=" " ind2=" ">
    <subfield code="0">0</subfield>
    <subfield code="1">0</subfield>
    <subfield code="2">ddc</subfield>
    <subfield code="4">0</subfield>
    <subfield code="7">0</subfield>
    <subfield code="a">27</subfield>
    <subfield code="b">27</subfield>
    <subfield code="d">2019-04-03</subfield>
    <subfield code="e">I P C GHAZIABAD</subfield>
    <subfield code="f"> INDIAN PH</subfield>
    <subfield code="g">49785.00</subfield>
    <subfield code="i">EBA/5607/ 2018-2019</subfield>
    <subfield code="o">615.785 IPC</subfield>
    <subfield code="p">27-B-836</subfield>
    <subfield code="r">2019-04-03</subfield>
    <subfield code="t">R</subfield>
    <subfield code="u"> INDIAN PHARMACOPOEIA</subfield>
    <subfield code="v">49875.00</subfield>
    <subfield code="w">2019-03-09</subfield>
    <subfield code="y">02</subfield>
    <subfield code="z"> INDIAN PHARMACOPOEIA</subfield>
  </datafield>
  <datafield tag="952" ind1=" " ind2=" ">
    <subfield code="0">0</subfield>
    <subfield code="1">0</subfield>
    <subfield code="2">ddc</subfield>
    <subfield code="4">0</subfield>
    <subfield code="7">0</subfield>
    <subfield code="a">27</subfield>
    <subfield code="b">27</subfield>
    <subfield code="d">2019-04-03</subfield>
    <subfield code="e">I P C GHAZIABAD</subfield>
    <subfield code="f"> INDIAN PH</subfield>
    <subfield code="g">49785.00</subfield>
    <subfield code="i">EBA/5607/ 2018-2019</subfield>
    <subfield code="o">615.785 IPC</subfield>
    <subfield code="p">27-B-837</subfield>
    <subfield code="r">2019-04-03</subfield>
    <subfield code="t">R</subfield>
    <subfield code="u"> INDIAN PHARMACOPOEIA</subfield>
    <subfield code="v">49875.00</subfield>
    <subfield code="w">2019-03-09</subfield>
    <subfield code="y">02</subfield>
    <subfield code="z"> INDIAN PHARMACOPOEIA</subfield>
  </datafield>
  <datafield tag="952" ind1=" " ind2=" ">
    <subfield code="0">0</subfield>
    <subfield code="1">0</subfield>
    <subfield code="2">ddc</subfield>
    <subfield code="4">0</subfield>
    <subfield code="7">0</subfield>
    <subfield code="a">27</subfield>
    <subfield code="b">27</subfield>
    <subfield code="d">2019-04-03</subfield>
    <subfield code="e">I P C GHAZIABAD</subfield>
    <subfield code="f"> INDIAN PH</subfield>
    <subfield code="g">49785.00</subfield>
    <subfield code="i">EBA/5607/ 2018-2019</subfield>
    <subfield code="o">615.785 IPC</subfield>
    <subfield code="p">27-B-838</subfield>
    <subfield code="r">2019-04-03</subfield>
    <subfield code="t">R</subfield>
    <subfield code="u"> INDIAN PHARMACOPOEIA</subfield>
    <subfield code="v">49875.00</subfield>
    <subfield code="w">2019-03-09</subfield>
    <subfield code="y">02</subfield>
    <subfield code="z"> INDIAN PHARMACOPOEIA</subfield>
  </datafield>
</record>
